Finanční plán - nutný předpoklad rozvoje firmy.

Finančné plány sú jedným zo základných nástrojov pre dôležité rozhodnutia o budúcom rozvoji firmy a nevyhnutným predpokladom pre investorov a banky. Svetový obchod používa tri základné finančné materiály: výsledovku (income statement), bilanciu (balance sheet) a správu o toku hotovosti (cash flow st...

Description complète

Enregistré dans:
Détails bibliographiques
Auteur principal: Edwards, L.
Format: Chapitre de livre
Langue:tchèque
Sujets:
Tags: Ajouter un tag
Pas de tags, Soyez le premier à ajouter un tag!

MARC

LEADER 00000naa a2200000 4500
001 r008737
005 20220831083634.9
041 0 |a cze 
044 |a [CS] 
245 1 0 |a Finanční plán - nutný předpoklad rozvoje firmy.  |c L. Edwards 
520 |a Finančné plány sú jedným zo základných nástrojov pre dôležité rozhodnutia o budúcom rozvoji firmy a nevyhnutným predpokladom pre investorov a banky. Svetový obchod používa tri základné finančné materiály: výsledovku (income statement), bilanciu (balance sheet) a správu o toku hotovosti (cash flow statement). Projekcia výsledovky. Projekt bilancie. Všeobecné zásady troch finančných správ. 
610 2 0 |a plán finančný 
610 2 0 |a firmy 
610 2 0 |a podnik 
610 2 0 |a výsledovka 
610 2 0 |a bilancia finančná 
100 1 |a Edwards, L.